Badesi Kahaniyan : Duniyan e adab se khobsoorat kahanio ka intekhab (Record no. 71138)

000 -LEADER
fixed length control field 00506nam a22001697a 4500
003 - CONTROL NUMBER IDENTIFIER
control field NUST - PNEC
005 - DATE AND TIME OF LATEST TRANSACTION
control field 20170116181154.0
008 - FIXED-LENGTH DATA ELEMENTS--GENERAL INFORMATION
fixed length control field 160111b xxu||||| |||| 00| 0 eng d
020 ## - INTERNATIONAL STANDARD BOOK NUMBER
International Standard Book Number 9698839054
040 ## - CATALOGING SOURCE
Transcribing agency LIBRARY
082 ## - DEWEY DECIMAL CLASSIFICATION NUMBER
Classification number 891.439 SHE
100 ## - MAIN ENTRY--PERSONAL NAME
9 (RLIN) 15792
Personal name Sheikh, Iqrar Hussain
245 ## - TITLE STATEMENT
Title Badesi Kahaniyan : Duniyan e adab se khobsoorat kahanio ka intekhab
Statement of responsibility, etc. Iqrar Hussain Sheikh
260 ## - PUBLICATION, DISTRIBUTION, ETC.
Place of publication, distribution, etc. Lahore:
Name of publisher, distributor, etc. Zia Adab;
Date of publication, distribution, etc. c2006.
650 ## - SUBJECT ADDED ENTRY--TOPICAL TERM
9 (RLIN) 15793
Topical term or geographic name entry element Urdu Literature
General subdivision General
942 ## - ADDED ENTRY ELEMENTS (KOHA)
Source of classification or shelving scheme
Koha item type Book
Holdings
Withdrawn status Lost status Source of classification or shelving scheme Damaged status Not for loan Permanent Location Current Location Shelving location Date acquired Total Checkouts Full call number Barcode Date last seen Price effective from Koha item type
          Pakistan Navy Engineering College (PNEC) Pakistan Navy Engineering College (PNEC)       891.439 SHE PNECLIB-028615 01/11/2016   Book
© 2023 Central Library, National University of Sciences and Technology. All Rights Reserved.